|
|
|
|
| LEADER |
01268nam a2200337Ia 4500 |
| 001 |
EBC3001560 |
| 003 |
MiAaPQ |
| 005 |
20200520144314.0 |
| 006 |
m o d | |
| 007 |
cr cn||||||||| |
| 008 |
120928s2012 tz a sb 000 0 eng d |
| 010 |
|
|
|z 2012311940
|
| 020 |
|
|
|z 9789987081554
|
| 020 |
|
|
|a 9789987082094 (electronic bk.)
|
| 035 |
|
|
|a (MiAaPQ)EBC3001560
|
| 035 |
|
|
|a (Au-PeEL)EBL3001560
|
| 035 |
|
|
|a (CaPaEBR)ebr10608752
|
| 035 |
|
|
|a (OCoLC)929146171
|
| 040 |
|
|
|a MiAaPQ
|c MiAaPQ
|d MiAaPQ
|
| 050 |
|
4 |
|a HG4027.4
|b .L96 2012
|
| 100 |
1 |
|
|a Lyimo, Francis Fanuel.
|
| 245 |
1 |
0 |
|a Rural cooperation
|h [electronic resource] :
|b in the cooperative movement in Tanzania /
|c Francis Fanuel Lyimo.
|
| 260 |
|
|
|a Dar es Salaam, Tanzania :
|b Mkuki na Nyota,
|c c2012.
|
| 300 |
|
|
|a x, 158 p. :
|b ill.
|
| 504 |
|
|
|a Includes bibliographical references.
|
| 533 |
|
|
|a Electronic reproduction. Ann Arbor, MI : ProQuest, 2015. Available via World Wide Web. Access may be limited to ProQuest affiliated libraries.
|
| 650 |
|
0 |
|a Cooperative societies
|z Tanzania.
|
| 650 |
|
0 |
|a Cooperation
|z Tanzania.
|
| 655 |
|
4 |
|a Electronic books.
|
| 710 |
2 |
|
|a ProQuest (Firm)
|
| 856 |
4 |
0 |
|u https://ebookcentral.proquest.com/lib/matrademy/detail.action?docID=3001560
|z Click to View
|